Les grandes productions végétales; (Record no. 11997)

000 -LEADER
fixed length control field 00557nam a2200181 4500
040 ## - CATALOGING SOURCE
Transcribing agency DLC
082 ## - DEWEY DECIMAL CLASSIFICATION NUMBER
Classification number 631 IMP 1972 A040 Or.
100 1# - MAIN ENTRY--AUTHOR NAME
Personal name Soltner, Dominique.
245 14 - TITLE STATEMENT
Title Les grandes productions végétales;
Remainder of title céréales, plantes sarclées, prairies.
250 ## - EDITION STATEMENT
Edition statement 4. éd.
260 ## - PUBLICATION, DISTRIBUTION, ETC. (IMPRINT)
Place of publication [Angers,
Name of publisher Impr. H. Siraudeau]
Year of publication 1972.
300 ## - PHYSICAL DESCRIPTION
Number of Pages 348 p.
Other physical details illus.
Dimensions 27 cm.
490 0# - SERIES STATEMENT
Series statement Collection sciences et techniques agricoles
500 ## - GENERAL NOTE
General note Caption title.
500 ## - GENERAL NOTE
General note At head of title: Phytotechnie spéciale.
650 #0 - SUBJECT ADDED ENTRY--TOPICAL TERM
Topical Term Field crops.
942 ## - ADDED ENTRY ELEMENTS (KOHA)
Koha item type សៀវភៅភាសាអង់គ្លេស
952 ## - LOCATION AND ITEM INFORMATION (KOHA)
Withdrawn status [LOCAL, KOHA] 0
Holdings
Permanent Location Date acquired Koha item type Lost status Shelving location Barcode Current Location Full call number
Library Block A2017-08-09សៀវភៅភាសាបារាំង A040A09829Library Block A631 IMP 1972 A040 Or.
មជ្ឈមណ្ឌលឯការនៃសាកលវិទ្យាល័យភូមិន្ទកសិកម្មចំការដូង

Powered by Koha